000
00327 a2200145 4500
001
169225
020
_a
040
_c
Magnum
100
_a
Arnold, Wilhelm
240
1
0
_a
Dicionario de psicologia - v.1 - a-e
_l
ESP
245
1
0
_a
Dicionario de psicologia - v.1 - a-e
362
0
_a
1899
697
_a
PSICOLOGIA
942
_c
BK
999
_c
169225
_d
169225